000 00446nam 22001453 4500
001 32602
010 _a981-238-376-X
090 _a32602
100 _a20260318d u||y0pory50 ba
101 _aeng
200 _aRealizing Teracomputing
_eProceedings of the Tenth ECMWF Workshop on the Use of Hight Performance Computing in Meteorology
_fWalter Zwieflhofer
_gNorbert Kreitz
210 _aNew Jersey
_cWorld Scientific
317 _5IM
801 _gISBD
942 _n0